| 000 | 00444nam a2200181Ia 4500 | ||
|---|---|---|---|
| 001 | 13155 | ||
| 005 | 20260306163033.0 | ||
| 008 | 260306t2006||||xx |||||||||||||| ||spa|| | ||
| 041 | _aESP | ||
| 082 |
_a128 _bC32 |
||
| 100 |
_aCassirer, Ernst _eAUT |
||
| 245 | 0 |
_aAntropología filosófica : _bintroducción a una filosofía de la cultura |
|
| 260 | _c2006 | ||
| 300 |
_a _c |
||
| 650 | _aGEN | ||
| 654 | _aCHU | ||
| 942 |
_cLIB _dJUS _fJUS _2ddc _n |
||
| 999 |
_c13155 _d13155 |
||